|
|
|
|
| LEADER |
02075nam a2200361 a 4500 |
| 001 |
0020240 |
| 003 |
BD-DhAAL |
| 008 |
100516s1996 ilua 001 0 eng d |
| 010 |
|
|
|a 95023347
|
| 020 |
|
|
|a 0256174806
|
| 020 |
|
|
|a 0256206899
|
| 040 |
|
|
|a DLC
|c DLC
|d DLC
|d BD-DhAAL
|
| 082 |
0 |
0 |
|a 657.42
|2 20
|
| 100 |
1 |
|
|a Rayburn, Letricia Gayle.
|9 58768
|
| 245 |
1 |
0 |
|a Cost accounting :
|b using a cost management approach /
|c Letricia Gayle Rayburn.
|
| 250 |
|
|
|a Sixth edition.
|
| 260 |
|
|
|a Chicago :
|b Irwin,
|c 1996.
|
| 300 |
|
|
|a xxxi, 876 p. :
|b ill. ;
|c 26 cm
|
| 490 |
0 |
|
|a The Irwin series in undergraduate accounting
|
| 500 |
|
|
|a Rev. ed. of: Principles of cost accounting. 5th ed. 1993.
|
| 500 |
|
|
|a Includes index.
|
| 500 |
|
|
|a LC in OCLC, 11-02-95 (title: Cost accounting; revised issue of original 5th ed. which was also published in 1993)
|
| 526 |
|
|
|a EEE
|x Md Sayeed Salam
Department of Electrical and Electronic Engineering
BRAC University
|
| 541 |
1 |
|
|e 0020240, 0020241
|a Trim Education
|
| 650 |
|
0 |
|a Cost accounting.
|9 1049
|
| 650 |
|
0 |
|a Managerial accounting.
|
| 700 |
1 |
|
|a Rayburn, Letricia Gayle.
|t Principles of cost accounting.
|9 58769
|
| 852 |
4 |
|
|a Ayesha Abed Library
|c General Stacks
|
| 942 |
0 |
0 |
|0 1
|2 ddc
|c BK
|
| 999 |
|
|
|c 8561
|d 8561
|
| 952 |
|
|
|0 0
|1 0
|2 ddc
|4 0
|6 657_420000000000000_RAY_1996
|7 0
|9 10178
|a BRACUL
|b BRACUL
|c GEN
|d 2010-05-16
|e Trim Education
|g 7750.00
|l 3
|m 3
|o 657.42 RAY
|p 3010020240
|r 2017-05-29
|s 2017-05-23
|t 1
|v 15500.00
|w 2010-05-16
|y BK
|x Requisitioned by Md Sayeed Salam, Department of Electrical and Electronic Engineering, BRAC University.
|
| 952 |
|
|
|0 0
|1 0
|2 ddc
|4 0
|6 657_420000000000000_RAY_1996
|7 0
|9 10180
|a BRACUL
|b BRACUL
|c GEN
|d 2010-05-16
|e Trim Education
|g 7750.00
|l 1
|o 657.42 RAY
|p 3010020241
|r 2015-09-22
|s 2015-09-18
|t 2
|v 15500.00
|w 2010-05-16
|y BK
|x Requisitioned by Md Sayeed Salam, Department of Electrical and Electronic Engineering, BRAC University.
|
| 952 |
|
|
|0 0
|1 0
|2 ddc
|4 0
|6 657_420000000000000_RAY_1996
|7 0
|9 14022
|a BRACUL
|b BRACUL
|c GEN
|d 2011-01-20
|e TRIM EDUCATION
|g 7500.00
|l 3
|m 14
|o 657.42 RAY
|p 3010021870
|r 2024-03-09
|s 2022-09-29
|t 3
|w 2011-01-20
|y BK
|